000 00481nam a2200157Ia 4500
005 20220909163752.0
008 210122b ###||||| |||| 00| 0 spa d
020 _a952-5481-01-8
040 _aBIBLIOTECA MUNICIPAL DE BARRANCO
_cBIBLIOTECA MUNICIPAL DE BARRANCO
082 _a869.56
_bB34Z7N
100 _aBejarano Carmen Luz
245 0 _aDe perdidas y contentamientos
260 _aMadrid
_biif
942 _cBK
_22022-08-24
_zERBG
999 _c3992
_d3992